00937nam a2200241 i 4500003000900000005001700009007000300026008004100029040003000070082001200100110004000112245009400152264008100246300002600327336002700353337003400380338002800414590002700442910001400469942001400483952018100497999001700678DO-SdBNP20250131205119.0ta110413s1956 dr 000 0 spa d aDO-SdBNPbspacBNPHUerda bU582222 aUniversidad de Santo Domingo93776710aCalendario para el año académico 1956-1957 : by otras informaciones universitarias / 1aCiudad Trujillo, República Dominicana :bTalleres gráficos Diana,c1956. a75 páginas c23 cm. 2rdacontentatextobtxt 2rdamediaasin mediación bn 2rdacarrieravolumenbnc aInventariado, 2023/ YL aYLockward 2ddccLBS1 00102ddc51708PD-RVaBNPHUbBNPHUcCTd2014-12-01eBarbara Suncarl0oU58p2023-5837r2023-09-13w2023-09-13yLBS1zPerteneció a la biblioteca personal de Bárbara Suncar c54728d54728